Declaraȯ̂ premiada Aspectos Jurd̕icos

Detalles Bibliográficos
Formato: eBook
Lenguaje:portugués
Publicado: San Pablo: JH Mizuno, 2016
Materias:
Acceso en línea:Acceso restringido

MARC

LEADER 00000nam a22000007a 4500
005 2018031906296.0
007 cr|||| ||||
008 180319s2016 br |||||s|||| 00||0 por d
020 |a 978-85-7789-275-4 
035 |a 21077 
040 |a vLex 
090 |c 7483  |d 7483 
245 0 0 |a Declaraȯ̂ premiada  |h [Recurso electrn̤ico] :  |b Aspectos Jurd̕icos 
256 |a Servicio en ln̕ea 
260 |a San Pablo:  |b JH Mizuno,  |c 2016 
300 |a 1 recurso electrn̤ico 
506 1 |a Disponible solo en los productos indicados  |d vLex Global  |d vLex Global (Academic Edition, excluding Law Schools)  |d vLex Global (U.S. Academic Edition, Law Schools)  |d vLex Global (U.S. Academic Edition, excluding Law Schools)  |d vLex Global (Academic Edition, Law Schools) 
650 0 4 |a Derecho Laboral y Seguridad Social  |z Brasil 
740 0 |a vLex Libros (Servicio en ln̕ea) 
856 4 0 |u http://vlex.com/source/declara-o-premiada-21077  |z Acceso restringido 
942 |c BOOK 
999 0 |a Labor law and social security